000 01142nam a2200313 i 4500
003 EG-GICUC
005 20260425193114.0
008 260422s1907 uk ||||fr|||| 00| 0 eng d
040 _aEG-GiCUC
_beng
_cEG-GiCUC
_dEG-GiCUC
_eRda
041 0 _aeng
082 0 4 _221
_a343.451
_bBA . A
092 0 4 _221
099 _aLaw1 10 343.451 BA . A 3 ed - 1907
100 1 _aBartley, Douglas C.
_eAuthor.
245 1 0 _aAdulteration of Food :
_bstatutes and cases dealing with coffee, tea, bread, seeds, food and drugs, margarine, milk-blended butter, fertilisers and feeding stuffs, etc./
_cby Douglas C. Bartley
250 _aThird edition
264 _aLondon :
_bStevens and Sons, Limited,
_c1907
300 _a284 page :
_billustration ;
_c 24 cm.
336 _2rda contenu
_a texte
337 _2rda medias
_aOrdinateur
338 _2 transporteur rda
_a Ressource en ligne
504 _aComprend des références bibliographiques.
546 _aText in English
650 1 4 _a Law and legislation
_2qrmak
651 1 _2qrmak
856 4 0 _uhttps://fll.law.cu.edu.eg/fulltext/bks/B10-10364.pdf
905 _a74
942 _2ddc
_n0
_cBK
_e21
999 _c72766
_d72766